=LDR 00000nam 2200000 4500 =001 NUTBA000000000005124 =005 20141022085133.0 =006 =007 =008 =020 ##$$a 978-602-855-121-2 =035 ##$$a 0010-101400000000354 =040 ##$$a NBPDMAT =082 ##$$a 499.221 =090 ##$$a 499.221 $b Isr k =100 ##$$a Isriani Hardini =245 ##$$a Keragaman bahasa daerah di indonesia/ $c Isriani Hardini =260 ##$$a Jakarta : $b Buana Cipta Pustaka, $c 2009 =300 ##$$a 58 hlm. : $b ilus. ; $c 24 cm. =500 ##$$a Bibliografi : hlm. 57-58 =650 ##$$a Bahasa Daerah-Indonesia =700 ##$$a Isriani Hardini =850 ##$$a NBPDMAT